Time's Person of the Year - Sudden Death - Statistics

General Stats
  • This quiz has been taken 673 times
    99 since last reset
  • The average score is 8 of 61
Answers on the Grid
Answers color-coded by a green-red scale on the quiz's grid according to % correct below.
Donald Trump
Taylor Swift
Lionel Messi
Volodymyr Zelenskyy
Elon Musk
Joe Biden
Kamala Harris
Greta Thunberg
Angela Merkel
Pope Francis
Emmanuel Macron
Zaha Hadid
Barack Obama
Steve Jobs
Mark Zuckerberg
Ben Bernanke
Vladimir Putin
Julian Assange
George W. Bush
Tim Berners-Lee
Jeff Bezos
Stan Lee
Wayne Gretzky
Bill Clinton
Leonardo DiCaprio
Andy Grove
David Ho
Nelson Mandela
Newt Gingrich
Michael Schumacher
Pope John Paul II
Steven Spielberg
Michael Jordan
Ted Turner
George H. W. Bush
Diego Maradona
Mikhail Gorbachev
Corazon C. Aquino
Garry Kasparov
Deng Xiaoping
Peter Ueberroth
David Bowie
Yuri Andropov
Ronald Reagan
Michael Jackson
Lech Wałęsa
Ayatollah Khomeini
Anwar Sadat
Jimmy Carter
Robert De Niro
Frida Kahlo
Hedy Lamarr
Henry Kissinger
Muhammad Ali
Richard Nixon
Stanley Kubrick
Willy Brandt
Lyndon B. Johnson
William Westmoreland
Martin Luther King Jr.
Pope John XXIII
Yuri Gagarin
John F. Kennedy
Dwight D. Eisenhower
Pelé
Charles de Gaulle
Elvis Presley
Nikita Khrushchev
Ernest Hemingway
Harlow Curtice
John Foster Dulles
Konrad Adenauer
Queen Elizabeth II
Marlon Brando
Winston Churchill
George Orwell
Harry S. Truman
George Marshall
Malala Yousafzai
Dwight D. Eisenhower
Joseph Stalin
Orson Welles
Franklin D. Roosevelt
Adolf Hitler
Pablo Picasso
Chiang Kai-shek
Soong May-ling
Rosalind Franklin
Haile Selassie
Hugh Johnson
Alan Turing
Mahatma Gandhi
Ada Lovelace
Walter Chrysler
Marie Curie
Charles Lindbergh
Nikola Tesla
Babe Ruth
Albert Einstein
 
Answer Stats
Answer % Correct
Donald Trump
56%
Barack Obama
46%
Taylor Swift
46%
Greta Thunberg
44%
Pope Francis
37%
Volodymyr Zelenskyy
37%
Elon Musk
30%
George W. Bush
26%
Angela Merkel
24%
Joe Biden
22%
Vladimir Putin
22%
Adolf Hitler
15%
Dwight D. Eisenhower
15%
Franklin D. Roosevelt
15%
Martin Luther King Jr.
15%
Mikhail Gorbachev
15%
Ronald Reagan
15%
Winston Churchill
15%
Ayatollah Khomeini
13%
Bill Clinton
13%
Charles de Gaulle
13%
Dwight D. Eisenhower
13%
George H. W. Bush
13%
Harry S. Truman
13%
Kamala Harris
13%
Mark Zuckerberg
13%
Queen Elizabeth II
13%
Richard Nixon
13%
Ben Bernanke
11%
Henry Kissinger
11%
Jeff Bezos
11%
John F. Kennedy
11%
Jimmy Carter
9%
Joseph Stalin
9%
Lech Wałęsa
9%
Lyndon B. Johnson
9%
Pope John Paul II
9%
Charles Lindbergh
7%
Chiang Kai-shek
7%
Deng Xiaoping
7%
George Marshall
7%
Newt Gingrich
7%
Nikita Khrushchev
7%
Anwar Sadat
6%
Konrad Adenauer
6%
Mahatma Gandhi
6%
Walter Chrysler
6%
William Westmoreland
6%
Corazon C. Aquino
4%
Peter Ueberroth
4%
Ted Turner
4%
Willy Brandt
4%
Yuri Andropov
4%
David Ho
2%
Haile Selassie
2%
John Foster Dulles
2%
Pope John XXIII
2%
Soong May-ling
2%
Andy Grove
0%
Harlow Curtice
0%
Hugh Johnson
0%
No matching quizzes found
Score Distribution
Percent of People with Each Score
Percentile by Number Answered
Your Score History
You have not taken this quiz since the last reset